A. MELBECHOWSKA-LUTY, Kreator. Rzezbiarskie dzielo Xawerego Dunikowskiego

Titel: A. MELBECHOWSKA-LUTY, Kreator. Rzezbiarskie dzielo Xawerego Dunikowskiego / Jerzy Kochanowski
Verfasser:
In: Przegla̜d historyczny, Heft 3 (2013), Seite 631-632
alle Artikel anzeigen
Veröffentlicht: 2013
Format: Aufsatz
Sprache: Polnisch
Schlagworte:
Kein Bild verfügbar
X
alg: 43672549
001A    $06052:19-09-18 
001B    $01999:27-07-21 $t17:20:52.000 
001C    $03025:19-09-18 $t13:16:02.000 
001D    $06052:19-09-18 
001U    $0utf8 
001X    $00 
002@    $0Aox 
003@    $0436725495 
006N    $000167682 
007A    $0436725495 $aHEB 
007D    $asw140225 
007I    $0swets175112606 
010@    $apol 
011@    $a2013 
013D    $#Newspapers Sections, columns, etc. Reviews $#Book reviewing $#Journaux Cahiers, chroniques, etc. Comptes rendus $#Livres Recension $#Rezension $#Buchbesprechung $#Buchrezension $#Buchkritik $74049712-4 $8Rezension [Ts1] $9085138568 
021A    $aA. MELBECHOWSKA-LUTY, Kreator. Rzezbiarskie dzielo Xawerego Dunikowskiego $hJerzy Kochanowski 
028A    $BVerfasser $#Kochanowski, Jerzy Piotr $4aut $7122664469 $8Kochanowski, Jerzy$Z1960- [Tp1] $9153779578 
031A    $e3 $g2 $h631-632 $j2013 
039B    $aEnthalten in $8--Abvc--. Przegla̜d historyczny. - Warszawa : Wydawnictwo DiG, 1905-. - ISSN 0033-2186 $x201300000000003369 $9047456078 
039T    $8--Aax--Melbechowska-Luty, Aleksandra [Tnd]. Kreator. - Wyd. 1. - Warszawa : Wydawnictwo Neriton, 2012. - 351 S., [10] Bl.. - Ill.. - ISBN 978-83-7543-251-0 $9436715651 
045F    $a900.9438 $eDDC23BSB 
045F/01 $a900 
045F/03 $g438 
045T    $a7,41 

lok: 43672549 78

exp: 43672549 78 1 #EPN
201B/01 $019-09-18 $t22:49:07.000 
201C/01 $019-09-18 
201U/01 $0utf8 
203@/01 $01029966672 
208@/01 $a19-09-18 $be 
209A/01 $a/ $f000 $x00 
209A/01 $ab*p $x01 
220C/01 $apgar 
244Z/01 $#Generalgouvernement Polen $#Polska $#Rzeczpospolita Polska $#Polska Rzeczpospolita Ludowa $#Poland $#Pologne $#République Polonaise $#Generalne Gubernatorstwo w Polsce $#Polish People's Republic $#Polska Rzeczpospolita Polen $#PRL $#RP $#Polen Generalgouvernement $#Polska Generalgouvernement $#Besetzte Polnische Gebiete $#Besetztes Gebiet in Polen $#Okupowane Polskie Obszary $#Obszary Okupowane w Polsce $#Volksrepublik Polen $#Polska Rosyjska $#Republic Polen $#Respublika Pol'ša $#Pol'skaja Narodnaja Respublika $#République de Pologne $#Polen Links der Weichsel $#Polska po Lewej Stronie Wisły $#Lenkija $#Polija $#Gubernija Carstva Pol'skago $#Republik Polen $74046496-9 $8--Tg1--Polen $x01 $9085129801 
247C/01 $82080>Marburg/Lahn, Herder-Institut, Forschungsbibliothek, Bibliographieportal $9336309341
LEADER 00000caa a22000002c 4500
001 436725495
003 DE-603
005 20210727172052.0
007 tu
008 180919s2013 xx |||| | u00||u|pol c
035 |a (DE-599)HEB436725495 
035 |a (NL-LiSWE)00167682 
040 |a DE-603  |b ger  |c DE-603  |d DE-603 
041 |a pol 
082 0 4 |8 1\u  |a 900.9438  |q DE-101  |2 23/BSB 
084 |a 7,41  |2 ssgn 
085 |8 1\u  |b 900 
085 |8 1\u  |z 2  |s 438 
100 1 |a Kochanowski, Jerzy  |d 1960-  |e Verfasser  |4 aut  |0 (DE-603)153779578  |0 (DE-588)122664469  |2 gnd 
245 0 0 |a A. MELBECHOWSKA-LUTY, Kreator. Rzezbiarskie dzielo Xawerego Dunikowskiego  |c Jerzy Kochanowski 
264 0 |c 2013 
655 7 |a Rezension  |2 gnd-content  |0 (DE-588)4049712-4  |0 (DE-603)085138568 
773 0 8 |i Enthalten in  |t Przegla̜d historyczny  |d Warszawa : Wydawnictwo DiG, 1905-  |x 0033-2186  |g Heft 3 (2013), Seite 631-632  |w (DE-603)047456078  |w (DE-600)281539-4 
787 0 8 |i Rezension von  |a Melbechowska-Luty, Aleksandra  |t Kreator  |b Wyd. 1  |d Warszawa : Wydawnictwo Neriton, 2012  |h 351 S., [10] Bl., Ill.  |z 9788375432510  |w (DE-603)436715651 
924 0 |9 2080  |a (DE-603)1029966672  |b DE-2080  |c HES  |d d  |g /